| 000 | 00683nam a2200241Ia 4500 | ||
|---|---|---|---|
| 003 | OSt | ||
| 005 | 20221007064814.0 | ||
| 006 | a|||||r|||| 00| 0 | ||
| 007 | ta | ||
| 008 | 221006b |||||||| |||| 00| 0 eng d | ||
| 024 | _a15,119 | ||
| 037 | _cReports / Technical Reports | ||
| 040 |
_aFLL _cFLL _beng |
||
| 041 |
_2eng _aeng |
||
| 082 | _aX:93.2.N78t, L8 | ||
| 110 | _aGovt. of India | ||
| 245 | 0 | _aReport of the study group on wages incomes and prices | |
| 260 |
_aDelhi _bMinistry of Labour India _c1978 |
||
| 300 |
_a146p _ccm. |
||
| 700 | _aGovt. of India | ||
| 942 |
_hX:93.2.N78t, L8 _cREP _2CC |
||
| 999 |
_c1135412 _d1135412 |
||